quiz on Lana Del Rey songs - Statistiques

Statistiques générales
  • Ce quiz a été pris 20 fois
  • Le résultat moyen est 3 sur 10
Statistiques - réponses
Hint Réponse % Correct
Lana plays the femme fatale ready to die for love. Born to die
61%
A toxic love set against a backdrop of American roads and melancholy. Ride
56%
Nostalgia for youth and an idealized love. Summertime Sadness
56%
She admits to needing to be loved to the point of suffering. Video games
44%
She confesses her guilt and sadness, swearing that she really tried. God knows I tried
22%
An intense and destructive passion that hurts but makes you dream. West coast
11%
A message of hope after dark times. Get free
6%
She gives herself up completely and seeks to be accepted as she is. This is what makes us girls
6%
A long and hypnotic stroll between blurred love, freedom and Californian sunshine. Venice Bitch
6%
A foggy and intimate track where she feels lost, distrustful and emotionally exhausted. Fishtail
0%
Aucun quiz correspondant
Distribution des résultats
% des personnes avec chaque résultat
Percentile par nombre de réponses
Votre historique - résultats
Vous n’avez pas pris ce quiz